000 004580000a22001570004500
003 MACL
005 20180218152041.0
008 180218b xxu||||| |||| 00| 0 eng d
040 _cmacl
100 _aविष्‍णु खरे
_970436
245 _aसिनेमा पढने का तरीका
260 _bप्रवीन प्रकाशन
_c2006
350 _a250
650 _aसिनेमा
_9268
942 _cHIN
_k792
_2ddc
999 _c11648
_d11648